000 00601nam a22002057a 4500
003 0
005 20250917100316.0
008 240425b xxu||||| |||| 00| 0 eng d
020 _a9780746061985
050 _aTR(PS
_bWoo873 2019
082 _aTR(PS
_bWoo873 2019
100 _aAmery, Heather
245 _aWoolly stops the train
_cHeather Amery
260 _aLondon
_bUsborne Publishing, Ltd.
_cc2019
300 _aunpaged:
_bcolored illustrations ;
_c22cm.
650 _aSheep--Children's literature.
650 _aChildren's stories.
650 _aSheep--Picture Books.
942 _2ddc
_cER
999 _c365956
_d365956